| 000 | 00000nam 2200000zi 4500 |
| 001 | 9.935814 |
| 003 | CaOODSP |
| 005 | 20240415155136 |
| 006 | m o d f |
| 007 | cr cn||||||||| |
| 008 | 240322t20232023quc o f000 0 fre d |
| 020 | |a9780660709529 |
| 040 | |aCaOODSP|bfre|erda|cCaOODSP |
| 043 | |an-cn--- |
| 086 | 1 |aSE3-132/2024F-PDF |
| 245 | 00|aCampagne d'information des électeurs pour la 45e élection générale : |bévaluation qualitative des communications préscrutin auprès des jeunes. |
| 264 | 1|a[Gatineau, Québec] : |bÉlections Canada, |c2023. |
| 264 | 4|c©2023 |
| 300 | |a1 ressource en ligne (vi, 52 pages) + |esommaire (6 pages) |
| 336 | |atexte|btxt|2rdacontent/fre |
| 337 | |ainformatique|bc|2rdamedia/fre |
| 338 | |aressource en ligne|bcr|2rdacarrier/fre |
| 500 | |aTitre de la couverture. |
| 500 | |aPublié aussi en anglais sous le titre : Voter information campaign for the 45th general election: qualitative pre event communications testing with youth. |
| 500 | |a« Fournisseur : Environics Research. » |
| 500 | |a« Numéro de commande : CW2323470. » |
| 500 | |a« Numéro d’enregistrement : POR 025-23. » |
| 650 | 6|aCampagnes publicitaires|zCanada|xOpinion publique. |
| 650 | 6|aPublicité d'État|zCanada|xOpinion publique. |
| 650 | 6|aÉlections|zCanada|xOpinion publique. |
| 650 | 6|aCampagnes électorales|zCanada|xOpinion publique. |
| 650 | 6|aOpinion publique|zCanada. |
| 650 | 6|aJeunesse|zCanada|xAttitudes. |
| 710 | 2 |aÉlections Canada, |eorganisme de publication. |
| 710 | 2 |aEnvironics Research Group, |econsultant. |
| 775 | 08|tVoter information campaign for the 45th general election : |w(CaOODSP)9.935812 |
| 856 | 40|qPDF|s2.18 Mo|uhttps://publications.gc.ca/collections/collection_2024/elections/SE3-132-2024-fra.pdf|zRapport définitif |
| 856 | 40|qPDF|s222 Ko|uhttps://publications.gc.ca/collections/collection_2024/elections/SE3-132-2024-1-fra.pdf|zSommaire |
| 856 | 4 |qHTML|sS.O.|uhttps://epe.bac-lac.gc.ca/100/200/301/pwgsc-tpsgc/por-ef/elections_canada/2024/025-23-f/POR025-23-rapport.html|zRapport définitif |
| 856 | 4 |qHTML|sS.O.|uhttps://epe.bac-lac.gc.ca/100/200/301/pwgsc-tpsgc/por-ef/elections_canada/2024/025-23-f/sommaire/POR025-23-sommaire.html|zSommaire |